Lataa...

Salt-water purification /

Bibliografiset tiedot
Päätekijä: Spiegler, K. S.
Aineistotyyppi: Printed Book
Kieli:English
Julkaistu: New York : Plenum Press, 1977.
Painos:2nd. ed.
LEADER 00489nam a2200145Ia 4500
008 150624b xxu||||| |||| 00| 0 eng d
082 |a 628.167 
100 |a Spiegler, K. S. 
245 |a Salt-water purification /  |c K. S. Spiegler 
250 |a 2nd. ed. 
260 |a New York :  |b Plenum Press,  |c 1977. 
300 |a 189 p. 
942 |c BK 
999 |c 26262  |d 26262 
952 |0 0  |1 0  |4 0  |6 628_167000000000000_SPI_S  |7 0  |9 26261  |a UL  |b UL  |c ST1  |d 1998-09-01  |l 1  |o 628.167 SPI/S  |p 37674  |r 2015-11-02  |s 2015-10-17  |w 2012-10-27  |y BK